000 00484nam a22001697a 4500
005 20251108175154.0
008 250721s2000 xx 000 0 ara d
082 1 4 _a370.1/عسك
100 1 _aالعسكري، كفاح
245 1 0 _aالفكر التربوي و النفسي عند الغزالي /
264 1 _aبغداد :
_bدار الشؤون،
_c2000.
300 _a223ص.
650 1 7 _aالفلسفة
650 1 7 _aالتعليم
942 _2ddc
_cBK
999 _c127867
_d127867